000
00313nam a22001337a 4500
008
181023b xxu||||| |||| 00| 0 eng d
020
_a
9780393912517
041
_a
eng
080
_a
821
100
_a
23
101
_a
GJU
245
_a
The Norton Anthology English Literature
_c
Carol.c.t
942
_2
udc
_c
BK
999
_c
50586
_d
50586